00645 a2200181 4500003000400000005001700004008004100021020001800062040000900080082001500089100002700104245009900131260004300230300000900273942003600282952012800318999001700446OSt20240801150656.0231018b |||||||| |||| 00| 0 eng d a9788195588206 coclc a297bMAN/F aManham, Abdullah97867 aFRONTLINE TRANSLATORS THEIR LIVES AND LEGACIES /cCompiled and edited by Abdullah Ahmed Manham bArabian Book house,akottakkal:c2022. a159p 2ddccBKh297iMAN/Fk297mMAN/F 00102ddc40708ISLAMaMESbMEScARBd2023-10-18l0o297 MAN/Fp42934r2023-10-18 11:15:11v150.00w2023-10-18yREFzU16R1 c42696d42696